Technology Education in the Philippines (Record no. 87026)

MARC details
000 -LEADER
fixed length control field 00722nam a22002417i 4500
003 - CONTROL NUMBER IDENTIFIER
control field URS
005 - DATE AND TIME OF LATEST TRANSACTION
control field 20251001091319.0
008 - FIXED-LENGTH DATA ELEMENTS--GENERAL INFORMATION
fixed length control field 170815b xxu||||| |||| 00| 0 eng d
020 ## - INTERNATIONAL STANDARD BOOK NUMBER
International Standard Book Number 971-08-5063-6
040 ## - CATALOGING SOURCE
Description conventions rda
Transcribing agency URSP-College Library
Language of cataloging eng
050 14 - LIBRARY OF CONGRESS CALL NUMBER
Classification number LB 15
Item number C14 1985
082 ## - DEWEY DECIMAL CLASSIFICATION NUMBER
Classification number 607
Item number C14 1985
100 1# - MAIN ENTRY--PERSONAL NAME
Personal name Camarao, Fedeserio C,
Relator term author
245 ## - TITLE STATEMENT
Title Technology Education in the Philippines
264 #1 - PRODUCTION, PUBLICATION, DISTRIBUTION, MANUFACTURE, AND COPYRIGHT NOTICE
Place of production, publication, distribution, manufacture Manila
Name of producer, publisher, distributor, manufacturer National Book Store, Incorporated
Date of production, publication, distribution, manufacture, or copyright notice 1985.
300 ## - PHYSICAL DESCRIPTION
Extent xxvii, 443 pages;
Dimensions 22cm.
336 ## - CONTENT TYPE
Content type term text
Content type code txt
Source rdacontent
337 ## - MEDIA TYPE
Media type term unmediated
Media type code n
Source rdamedia
338 ## - CARRIER TYPE
Carrier type term volume
Carrier type code nc
Source rdacarrier
504 ## - BIBLIOGRAPHY, ETC. NOTE
Bibliography, etc. note Includes index
650 #0 - SUBJECT ADDED ENTRY--TOPICAL TERM
Topical term or geographic name entry element Technical education
Geographic subdivision Philippines
942 ## - ADDED ENTRY ELEMENTS (KOHA)
Source of classification or shelving scheme Library of Congress Classification
Koha item type Filipiniana
Holdings
Withdrawn status Source of classification or shelving scheme Damaged status Not for loan Home library Current library Shelving location Date acquired Total Checkouts Full call number Barcode Date last seen Price effective from Koha item type
  Library of Congress Classification     Tanay College Library Tanay College Library Reserve Section 02/06/2024   LB 15 .C14 1991 URSTAN-N3599 02/06/2024 02/06/2024 Filipiniana

University of Rizal System
Email us at univlibservices@urs.edu.ph

Visit our Website www.urs.edu.ph/library